Theory and problems of macroeconomics (Record no. 28748)
[ view plain ]
| 000 -LEADER | |
|---|---|
| fixed length control field | 00436nam a22001697a 4500 |
| 003 - CONTROL NUMBER IDENTIFIER | |
| control field | OSt |
| 005 - DATE AND TIME OF LATEST TRANSACTION | |
| control field | 20250821120429.0 |
| 008 - FIXED-LENGTH DATA ELEMENTS--GENERAL INFORMATION | |
| fixed length control field | 250821b |||||||| |||| 00| 0 eng d |
| 020 ## - INTERNATIONAL STANDARD BOOK NUMBER | |
| International Standard Book Number | 9789389691320 |
| 082 ## - DEWEY DECIMAL CLASSIFICATION NUMBER | |
| Classification number | 339 |
| Item number | D64T |
| 100 ## - MAIN ENTRY--PERSONAL NAME | |
| Personal name | Diulio, Eugene |
| 245 ## - TITLE STATEMENT | |
| Title | Theory and problems of macroeconomics |
| Statement of responsibility, etc | By Eugene Diulio |
| 250 ## - EDITION STATEMENT | |
| Edition statement | 3rd ed. |
| 260 ## - PUBLICATION, DISTRIBUTION, ETC. (IMPRINT) | |
| Place of publication, distribution, etc | Chennai |
| Name of publisher, distributor, etc | Mcgraw hill |
| Date of publication, distribution, etc | 2020 |
| 300 ## - PHYSICAL DESCRIPTION | |
| Extent | vii, 333p. |
| Other physical details | PB |
| 942 ## - ADDED ENTRY ELEMENTS (KOHA) | |
| Source of classification or shelving scheme | Dewey Decimal Classification |
| Koha item type | Books |
| Withdrawn status | Lost status | Source of classification or shelving scheme | Damaged status | Not for loan | Collection code | Home library | Current library | Date acquired | Source of acquisition | Total Checkouts | Full call number | Barcode | Date last seen | Date checked out | Price effective from | Koha item type |
|---|---|---|---|---|---|---|---|---|---|---|---|---|---|---|---|---|
| Dewey Decimal Classification | General Text Book | Central University Of Rajasthan | Central University Of Rajasthan | 21/08/2025 | ECO | 4 | 339 D64T | 047335 | 13/11/2025 | 28/10/2025 | 21/08/2025 | Books | ||||
| Dewey Decimal Classification | General Text Book | Central University Of Rajasthan | Central University Of Rajasthan | 21/08/2025 | ECO | 1 | 339 D64T | 047336 | 11/02/2026 | 27/01/2026 | 21/08/2025 | Books | ||||
| Dewey Decimal Classification | General Text Book | Central University Of Rajasthan | Central University Of Rajasthan | 21/08/2025 | ECO | 1 | 339 D64T | 047337 | 27/01/2026 | 09/01/2026 | 21/08/2025 | Books | ||||
| Dewey Decimal Classification | General Text Book | Central University Of Rajasthan | Central University Of Rajasthan | 21/08/2025 | ECO | 1 | 339 D64T | 047338 | 15/01/2026 | 02/01/2026 | 21/08/2025 | Books | ||||
| Dewey Decimal Classification | Not For Loan | Reserve Text Book | Central University Of Rajasthan | Central University Of Rajasthan | 21/08/2025 | ECO | 339 D64T | 047339 | 21/08/2025 | 21/08/2025 | Books |
